[Event "Titled Tuesday intern op 03rd Jan Late"]
[Site "Chess.com INT"]
[Date "2025.06.03"]
[Round "7"]
[White "Ambrogi, Agustin Tomas"]
[Black "Melendez, Manuel A"]
[Result "1-0"]
[WhiteElo "2237"]
[BlackElo "2154"]
[PlyCount "25"]
[EventDate "2025.06.03"]
[EventType "swiss (blitz)"]
[EventRounds "11"]
[EventCountry "USA"]
[SourceTitle "CB24_2025"]
[SourceDate "2025.06.11"]
[SourceVersion "1"]
[SourceVersionDate "2025.06.11"]
[SourceQuality "1"]

1. e4 e5 2. Nf3 Nc6 3. Bc4 Nf6 4. d4 exd4 5. e5 Ne4 6. 0-0 d5 7. exd6 Nxd6 8. Bd5 Ne7 9. Re1 Bg4 10. Qxd4 Qd7 11. Ne5 Nb5 12. Bxf7+ Kd8 13. Qxg4 1-0

[Event "Titled Tuesday intern op 03rd Jan Late"]
[Site "Chess.com INT"]
[Date "2025.06.03"]
[Round "6"]
[White "Ambrogi, Agustin Tomas"]
[Black "Petrenko, Maryna"]
[Result "1-0"]
[WhiteElo "2237"]
[BlackElo "2116"]
[PlyCount "51"]
[EventDate "2025.06.03"]
[EventType "swiss (blitz)"]
[EventRounds "11"]
[EventCountry "USA"]
[SourceTitle "CB24_2025"]
[SourceDate "2025.06.11"]
[SourceVersion "1"]
[SourceVersionDate "2025.06.11"]
[SourceQuality "1"]

1. e4 c6 2. d4 d5 3. exd5 cxd5 4. c4 Nf6 5. Nc3 g6 6. Qb3 Bg7 7. cxd5 0-0 8. Be2 Nbd7 9. Bf3 Nb6 10. a4 Bg4 11. Bxg4 Nxg4 12. a5 Nc8 13. Nf3 Nd6 14. 0-0 Rb8 15. Bf4 b6 16. a6 Rc8 17. h3 Nf6 18. Rfe1 Nf5 19. Be5 Nd7 20. Nb5 Nxe5 21. dxe5 Rc5 22. Nxa7 Rxd5 23. Nc6 Qd7 24. Qxb6 Rc8 25. a7 Ra8 26. Qb8+ 1-0

[Event "Titled Tuesday intern op 03rd Jan Late"]
[Site "Chess.com INT"]
[Date "2025.06.03"]
[Round "8"]
[White "Radchenko, Alexey"]
[Black "Ambrogi, Agustin Tomas"]
[Result "0-1"]
[WhiteElo "2293"]
[BlackElo "2237"]
[PlyCount "138"]
[EventDate "2025.06.03"]
[EventType "swiss (blitz)"]
[EventRounds "11"]
[EventCountry "USA"]
[SourceTitle "CB24_2025"]
[SourceDate "2025.06.11"]
[SourceVersion "1"]
[SourceVersionDate "2025.06.11"]
[SourceQuality "1"]

1. d4 d5 2. c4 e6 3. Nc3 Nf6 4. Nf3 dxc4 5. e4 b5 6. e5 Nd5 7. Nxb5 Nb6 8. Be2 Bb7 9. 0-0 Be7 10. a4 a5 11. Na3 Bd5 12. Qc2 Nc6 13. Nxc4 Bxf3 14. Bxf3 Nxd4 15. Qc3 Nxf3+ 16. Qxf3 Qd5 17. Qxd5 Nxd5 18. Bd2 Bb4 19. Bxb4 Nxb4 20. Rac1 Kd7 21. Rfd1+ Nd5 22. Ne3 c6 23. Nc4 Rhb8 24. Rd2 Rb4 25. g3 Kc7 26. Nd6 f5 27. Nb5+ Kb6 28. Nd4 Rxd4 29. Rxd4 Ra6 30. h3 Kb7 31. g4 f4 32. Rc2 g5 33. Kg2 Rb6 34. h4 h6 35. hxg5 hxg5 36. Kf3 Rb3+ 37. Ke2 f3+ 38. Kd2 Nb4 39. Rc3 Rxb2+ 40. Ke3 Nd5+ 41. Rxd5 cxd5 42. Kd4 Rxf2 43. Kc5 Rf1 44. Kd6 f2 45. Rb3+ Ka6 46. Rf3 d4 47. Kxe6 d3 48. Rxd3 Re1 49. Rf3 f1Q 50. Rxf1 Rxf1 51. Kd7 Rf4 52. e6 Rxg4 53. e7 Re4 54. e8Q Rxe8 55. Kxe8 g4 56. Kd7 g3 57. Kd6 g2 58. Kd5 g1Q 59. Kc4 Qb1 60. Kc5 Qb4+ 61. Kd5 Qxa4 62. Ke5 Qb4 63. Kf5 a4 64. Kg5 a3 65. Kg6 a2 66. Kh7 a1Q 67. Kg8 Qf6 68. Kh7 Qbe7+ 69. Kg8 Qff8# 0-1

[Event "Titled Tuesday intern op 01st Apr Late"]
[Site "Chess.com INT"]
[Date "2025.04.01"]
[Round "6"]
[White "Peed, Grant"]
[Black "Ambrogi, Agustin Tomas"]
[Result "1/2-1/2"]
[WhiteElo "1818"]
[BlackElo "2214"]
[PlyCount "139"]
[EventDate "2025.04.01"]
[EventType "swiss (blitz)"]
[EventRounds "11"]
[EventCountry "USA"]
[SourceTitle "CB21_2025"]
[SourceDate "2025.05.21"]
[SourceVersion "1"]
[SourceVersionDate "2025.05.21"]
[SourceQuality "1"]

1. Nf3 c5 2. g3 d6 3. Bg2 e5 4. 0-0 g6 5. c4 Bg7 6. Nc3 Ne7 7. d3 Nbc6 8. a3 0-0 9. Rb1 a5 10. Bd2 Be6 11. Ne1 Qd7 12. Nc2 Bh3 13. b4 axb4 14. axb4 Bxg2 15. Kxg2 b6 16. b5 Nd4 17. Nxd4 exd4 18. Na4 Qb7+ 19. f3 d5 20. Nb2 Ra2 21. Qb3 Rfa8 22. cxd5 Qxd5 23. Qxd5 Nxd5 24. Nc4 Rxd2 25. Nxd2 Ra2 26. Rfd1 Bh6 27. f4 g5 28. Kf3 gxf4 29. gxf4 Bxf4 30. Nc4 Bxh2 31. Ra1 Rc2 32. Rdc1 Rc3 33. Rxc3 dxc3 34. Ke4 Nf4 35. Ra2 Ng2 36. e3 Ne1 37. Rxh2 c2 38. Rxc2 Nxc2 39. Nxb6 h5 40. Nd7 h4 41. b6 h3 42. Nf6+ Kg7 43. Ng4 f5+ 44. Kxf5 Nxe3+ 45. Kg5 Nxg4 46. b7 h2 47. b8Q h1Q 48. Qc7+ Kf8 49. Qxc5+ Ke8 50. Qb5+ Ke7 51. Kxg4 Qf1 52. Qc4 Kd6 53. Qd4+ Ke6 54. Qe4+ Kd6 55. d4 Qg1+ 56. Kf4 Qf1+ 57. Kg5 Qg1+ 58. Kf4 Qf1+ 59. Qf3 Qxf3+ 60. Kxf3 Kd5 61. Ke3 Kd6 62. Kd3 Kd5 63. Kc3 Kd6 64. Kc4 Kc6 65. d5+ Kd6 66. Kd4 Kd7 67. Ke4 Kd6 68. Kd4 Kd7 69. Kc4 Kd6 70. Kd4 1/2-1/2

[Event "Titled Tuesday intern op 25th Mar Early"]
[Site "Chess.com INT"]
[Date "2025.03.25"]
[Round "10"]
[White "Ambrogi, Agustin Tomas"]
[Black "Pournami, S."]
[Result "1-0"]
[WhiteElo "2214"]
[BlackElo "1770"]
[PlyCount "70"]
[EventDate "2025.03.25"]
[EventType "swiss (blitz)"]
[EventRounds "11"]
[EventCountry "USA"]
[SourceTitle "CB14_2025"]
[SourceDate "2024.11.01"]
[SourceVersion "1"]
[SourceVersionDate "2024.11.01"]
[SourceQuality "1"]

1. d4 Nf6 2. Nf3 e6 3. e3 d5 4. Bd3 Be7 5. Nbd2 0-0 6. 0-0 b6 7. Re1 Bb7 8. c3 c5 9. Qe2 h6 10. Ne5 Ne4 11. f3 Nd6 12. b3 Nc6 13. f4 cxd4 14. exd4 Rc8 15. Bb2 Bf6 16. Rac1 Ne7 17. g4 Bxe5 18. fxe5 Ne4 19. Nxe4 dxe4 20. Bxe4 Nd5 21. Qf3 Ba8 22. Ba3 Re8 23. Rf1 Rc7 24. Bd6 Rd7 25. c4 Nc7 26. Bxa8 Nxa8 27. Qc6 Nc7 28. Rc2 Na6 29. Rcf2 Nb8 30. Bxb8 Rxd4 31. Bd6 Rxg4+ 32. Rg2 Rxg2+ 33. Qxg2 Qh4 34. Qf3 Qd4+ 35. Kh1 Re7 1-0

[Event "Titled Tuesday intern op 07th Jan Early"]
[Site "Chess.com INT"]
[Date "2025.01.07"]
[Round "11"]
[White "Karamsetty, Jeevan"]
[Black "Ambrogi, Agustin Tomas"]
[Result "1-0"]
[WhiteElo "2244"]
[BlackElo "2214"]
[PlyCount "59"]
[EventDate "2025.01.07"]
[EventType "swiss (blitz)"]
[EventRounds "11"]
[EventCountry "USA"]
[SourceTitle "CB03_2025"]
[SourceDate "2025.01.15"]
[SourceVersion "1"]
[SourceVersionDate "2025.01.15"]
[SourceQuality "1"]

1. e4 d5 2. exd5 Qxd5 3. h3 Nf6 4. Nf3 Nc6 5. Be2 Nd4 6. Nc3 Qd8 7. 0-0 Nxe2+ 8. Qxe2 e6 9. d4 c6 10. Bf4 Be7 11. Rad1 0-0 12. Rfe1 Nd5 13. Nxd5 cxd5 14. b3 Bd7 15. c4 dxc4 16. bxc4 Ba4 17. Rb1 b6 18. d5 Bd6 19. dxe6 Bxf4 20. e7 Qc7 21. exf8Q+ Rxf8 22. Qe7 Qxc4 23. Rb4 Qc3 24. Rxf4 Bc6 25. Qb4 Qc2 26. Rc4 Qg6 27. Rg4 Qh5 28. Qc3 Qh6 29. Ne5 Bd5 30. Nd7 1-0

[Event "Titled Tuesday intern op 07th Jan Early"]
[Site "Chess.com INT"]
[Date "2025.01.07"]
[Round "10"]
[White "Lukachewski Junior, Wanderlei"]
[Black "Ambrogi, Agustin Tomas"]
[Result "0-1"]
[WhiteElo "2049"]
[BlackElo "2214"]
[PlyCount "108"]
[EventDate "2025.01.07"]
[EventType "swiss (blitz)"]
[EventRounds "11"]
[EventCountry "USA"]
[SourceTitle "CB03_2025"]
[SourceDate "2025.01.15"]
[SourceVersion "1"]
[SourceVersionDate "2025.01.15"]
[SourceQuality "1"]

1. d4 d5 2. c4 e6 3. Nc3 Nf6 4. Nf3 Nbd7 5. Bg5 c6 6. e3 Qa5 7. Bxf6 Nxf6 8. Qc2 Bb4 9. Nd2 0-0 10. Bd3 dxc4 11. Nxc4 Qg5 12. 0-0 Bxc3 13. bxc3 b6 14. Ne5 Bb7 15. Be2 c5 16. Bf3 Bxf3 17. Nxf3 Qd5 18. a4 Rfc8 19. Qa2 Ne4 20. c4 Qc6 21. d5 exd5 22. cxd5 Qd6 23. Rac1 Rd8 24. Rfd1 Rd7 25. Qc4 Re8 26. Nd2 f5 27. Nxe4 Rxe4 28. Qc2 Re5 29. Rd2 Rxd5 30. Qb3 Kf8 31. Rxd5 Qxd5 32. Qc2 Qd3 33. h4 Qxc2 34. Rxc2 Rd1+ 35. Kh2 Ra1 36. Rc4 Rb1 37. a5 Rb4 38. Rc2 Rxh4+ 39. Kg3 Ra4 40. axb6 axb6 41. Rb2 Rb4 42. Rd2 Ke7 43. Kf3 g5 44. Ra2 h5 45. Ra7+ Ke6 46. Ke2 Rb2+ 47. Kf3 h4 48. Rg7 g4+ 49. Kf4 Rxf2+ 50. Kg5 h3 51. gxh3 gxh3 52. Rg6+ Ke5 53. Rxb6 h2 54. Rh6 Rg2+ 0-1

[Event "Villa Martelli ProAm op 31st"]
[Site "Villa Martelli"]
[Date "2024.10.26"]
[Round "8"]
[White "Brizzi, Milagros Tatiana"]
[Black "Ambrogi, Agustin Tomas"]
[Result "1-0"]
[WhiteElo "2101"]
[BlackElo "2232"]
[PlyCount "73"]
[EventDate "2024.10.19"]
[EventType "swiss"]
[EventRounds "9"]
[EventCountry "ARG"]
[SourceTitle "CB44_2024"]
[Source "Chessbase"]
[SourceDate "2024.10.30"]
[SourceVersion "1"]
[SourceVersionDate "2024.10.30"]
[SourceQuality "1"]

1. Nf3 Nc6 2. d4 d5 3. Bf4 Bg4 4. e3 e6 5. Be2 Bd6 6. Bxd6 cxd6 7. 0-0 Nf6 8. Nbd2 0-0 9. c4 dxc4 10. Nxc4 d5 11. Nce5 Bxf3 12. Nxf3 Qb6 13. Rb1 Rfc8 14. a3 Ne4 15. Bd3 Nd6 16. h4 h6 17. Nh2 Qd8 18. Qh5 Ne8 19. Qg4 Rc7 20. Qh3 Rac8 21. g4 Nd6 22. Kh1 e5 23. Rg1 Ne4 24. Rg2 exd4 25. f3 Ne5 26. Bf1 d3 27. fxe4 dxe4 28. g5 Rc1 29. Rxc1 Rxc1 30. Qf5 Ng6 31. gxh6 d2 32. h5 d1Q 33. hxg6 Rc7 34. gxf7+ Rxf7 35. h7+ Kh8 36. Qxf7 Qf6 37. Qg8# 1-0

[Event "Titled Tuesday intern op 03rd Sep Late"]
[Site "Chess.com INT"]
[Date "2024.09.03"]
[Round "6"]
[White "Osmonbekov, Talaibek D"]
[Black "Ambrogi, Agustin Tomas"]
[Result "0-1"]
[WhiteElo "2109"]
[BlackElo "2232"]
[PlyCount "70"]
[EventDate "2024.09.03"]
[EventType "swiss (blitz)"]
[EventRounds "11"]
[EventCountry "USA"]
[SourceTitle "EXT 2025"]
[Source "ChessBase"]
[SourceDate "2024.10.14"]
[SourceVersion "1"]
[SourceVersionDate "2024.10.14"]
[SourceQuality "1"]

1. d4 d5 2. Nc3 c5 3. Bf4 cxd4 4. Qxd4 Nf6 5. e3 Nc6 6. Bb5 e6 7. Nf3 Bd6 8. 0-0 0-0 9. Bxc6 bxc6 10. Bxd6 Qxd6 11. Rad1 Re8 12. Ne5 Nd7 13. Nxd7 Bxd7 14. Na4 Reb8 15. c4 Be8 16. c5 Qc7 17. b3 Bd7 18. f4 Bc8 19. Rf3 Ba6 20. Rg3 g6 21. h4 Re8 22. Qe5 Qe7 23. h5 Rac8 24. hxg6 fxg6 25. Nc3 Qxc5 26. Rd2 Qe7 27. Rf2 Rf8 28. Qd4 Qg7 29. Qb4 c5 30. Qa5 Bd3 31. Na4 c4 32. bxc4 dxc4 33. Nc3 Rf5 34. Qb4 a5 35. Qa3 Qf8 0-1

[Event "Titled Tuesday intern op 13th Aug Early"]
[Site "Chess.com INT"]
[Date "2024.08.13"]
[Round "1"]
[White "Ambrogi, Agustin Tomas"]
[Black "Bernadskiy, Vitaliy"]
[Result "0-1"]
[WhiteElo "2232"]
[BlackElo "2530"]
[PlyCount "82"]
[EventDate "2024.08.13"]
[EventType "swiss (blitz)"]
[EventRounds "11"]
[EventCountry "USA"]
[SourceTitle "EXT 2025"]
[Source "ChessBase"]
[SourceDate "2024.10.14"]
[SourceVersion "1"]
[SourceVersionDate "2024.10.14"]
[SourceQuality "1"]

1. e4 c5 2. Nc3 d6 3. f4 a6 4. Nf3 e6 5. a4 Nc6 6. Bc4 Nf6 7. d3 d5 8. exd5 exd5 9. Ba2 Be7 10. 0-0 0-0 11. Re1 Re8 12. Bd2 Nb4 13. Bb3 Be6 14. Ng5 Bg4 15. Nf3 Rc8 16. a5 c4 17. Ba4 Bc5+ 18. Kh1 Rxe1+ 19. Bxe1 d4 20. Ne4 Nxe4 21. dxe4 d3 22. c3 Nc6 23. Bd2 Nxa5 24. h3 Bxf3 25. Qxf3 Qb6 26. Ra2 Nb3 27. Qd1 Nxd2 28. Qxd2 Be3 29. Qd1 Qg6 30. Qf3 Ba7 31. Bd1 Qb6 32. Kh2 Qg1+ 33. Kg3 Rc6 34. f5 Bb8+ 35. Kg4 Qe1 36. g3 Bxg3 37. Ba4 h5+ 38. Kxh5 Rh6+ 39. Kg4 Rh4+ 40. Kg5 f6+ 41. Kg6 Rh6# 0-1

[Event "Titled Tuesday intern op 13th Aug Early"]
[Site "Chess.com INT"]
[Date "2024.08.13"]
[Round "2"]
[White "Guo, Anni"]
[Black "Ambrogi, Agustin Tomas"]
[Result "1-0"]
[WhiteElo "1860"]
[BlackElo "2232"]
[PlyCount "62"]
[EventDate "2024.08.13"]
[EventType "swiss (blitz)"]
[EventRounds "11"]
[EventCountry "USA"]
[SourceTitle "EXT 2025"]
[Source "ChessBase"]
[SourceDate "2024.10.14"]
[SourceVersion "1"]
[SourceVersionDate "2024.10.14"]
[SourceQuality "1"]

1. b3 e5 2. Bb2 d6 3. e3 Nf6 4. d4 exd4 5. exd4 d5 6. Nf3 c6 7. Bd3 Bd6 8. 0-0 0-0 9. h3 Re8 10. Nbd2 Nbd7 11. Re1 Rxe1+ 12. Qxe1 Nf8 13. Ne5 Ng6 14. Ndf3 Nf4 15. Rd1 Nxd3 16. Nxd3 Bf5 17. Qd2 Qf8 18. Nde5 Re8 19. Re1 Ne4 20. Qd1 f6 21. Nd3 b5 22. Nh4 Bd7 23. Nf3 a5 24. Nd2 Bb4 25. Nxe4 dxe4 26. Nxb4 axb4 27. Qd2 Qd6 28. Ra1 Ra8 29. Qe3 Bf5 30. Qc1 c5 31. dxc5 Qxc5 1-0

[Event "Titled Tuesday intern op 06th Aug Late"]
[Site "Chess.com INT"]
[Date "2024.08.06"]
[Round "3"]
[White "Ambrogi, Agustin Tomas"]
[Black "Golsefidy, Sepehr"]
[Result "1-0"]
[WhiteElo "2232"]
[BlackElo "2040"]
[PlyCount "65"]
[EventDate "2024.08.06"]
[EventType "swiss (blitz)"]
[EventRounds "11"]
[EventCountry "USA"]
[SourceTitle "EXT 2025"]
[Source "ChessBase"]
[SourceDate "2024.10.14"]
[SourceVersion "1"]
[SourceVersionDate "2024.10.14"]
[SourceQuality "1"]

1. e4 e5 2. Nf3 Nc6 3. Bc4 Nf6 4. d4 exd4 5. e5 d5 6. Bb5 Ne4 7. Nxd4 Bd7 8. Bxc6 bxc6 9. 0-0 Bc5 10. f3 Ng5 11. f4 Ne4 12. Be3 Bb6 13. Nd2 Nxd2 14. Qxd2 c5 15. Ne2 d4 16. Bf2 Bc6 17. c4 Qd7 18. Ng3 h5 19. Rfe1 h4 20. e6 fxe6 21. Ne4 0-0-0 22. Ng5 h3 23. gxh3 Bb7 24. Rxe6 Rxh3 25. Rae1 Rh6 26. f5 Rdh8 27. Qf4 d3 28. Nf3 Rh3 29. Bg3 Ba5 30. Re7 Qc6 31. R1e6 Qxf3 32. Rxc7+ Kd8 33. Qd6# 1-0

[Event "Titled Tuesday intern op 06th Aug Late"]
[Site "Chess.com INT"]
[Date "2024.08.06"]
[Round "8"]
[White "Ambrogi, Agustin Tomas"]
[Black "Leschinsky, Gary"]
[Result "1/2-1/2"]
[WhiteElo "2232"]
[BlackElo "1992"]
[PlyCount "234"]
[EventDate "2024.08.06"]
[EventType "swiss (blitz)"]
[EventRounds "11"]
[EventCountry "USA"]
[SourceTitle "EXT 2025"]
[Source "ChessBase"]
[SourceDate "2024.10.14"]
[SourceVersion "1"]
[SourceVersionDate "2024.10.14"]
[SourceQuality "1"]

1. e4 c5 2. c3 g6 3. d4 cxd4 4. cxd4 d5 5. exd5 Nf6 6. Nc3 Bg7 7. Qb3 0-0 8. Be2 Na6 9. Bf3 Qb6 10. Qxb6 axb6 11. a3 Nb4 12. Rb1 Nc2+ 13. Kd1 Nxd4 14. Be3 Nxf3 15. Nxf3 Nxd5 16. Nxd5 Rd8 17. Ke2 Rxd5 18. Rhd1 Rxd1 19. Rxd1 Be6 20. Rd2 b5 21. Bc5 Bc4+ 22. Ke1 e6 23. Nd4 Rd8 24. f4 e5 25. fxe5 Bxe5 26. g3 f5 27. b4 Ra8 28. Ne2 Rxa3 29. Rd8+ Kf7 30. Rd7+ Ke6 31. Re7+ Kd5 32. Nf4+ Bxf4 33. gxf4 Ra1+ 34. Kf2 Ra2+ 35. Kg3 h6 36. Rxb7 g5 37. Rd7+ Ke6 38. Rd6+ Kf7 39. Rxh6 g4 40. Rh5 Bd3 41. Rh7+ Kg8 42. Rd7 Be4 43. Kh4 Rxh2+ 44. Kg5 Rh7 45. Be7 Rg7+ 46. Kf6 g3 47. Rd8+ Kh7 48. Bc5 g2 49. Bg1 Rg6+ 50. Kf7 Rg4 51. Kf6 Rxf4 52. Rd7+ Kh6 53. Be3 Kh5 54. Bxf4 g1Q 55. Rh7+ Kg4 56. Rg7+ Kxf4 57. Rxg1 Bd3 58. Re1 Bc4 59. Rc1 Ke4 60. Re1+ Kd4 61. Kxf5 Kc3 62. Rb1 Bb3 63. Kf4 Kxb4 64. Ke3 Kc3 65. Rc1+ Bc2 66. Rg1 b4 67. Rg8 b3 68. Rc8+ Kb2 69. Kd2 Be4 70. Rb8 Bc2 71. Rb4 Kb1 72. Kc3 Kc1 73. Rh4 Kd1 74. Rh1+ Ke2 75. Kb2 Kd3 76. Rh8 Kc4 77. Rd8 Kc5 78. Rd2 Kc6 79. Rf2 Kc5 80. Rf4 Kd5 81. Rh4 Ke5 82. Ra4 Kd5 83. Ra5+ Kc4 84. Ra4+ Kb5 85. Rh4 Kc5 86. Kc3 Kd5 87. Rb4 Kc5 88. Rb8 Kc6 89. Kc4 Kc7 90. Rb4 Kc6 91. Kd4 Kd6 92. Rb6+ Kc7 93. Kc5 Bd1 94. Rd6 Bc2 95. Rc6+ Kd7 96. Rb6 Kc7 97. Rb4 Kd7 98. Kd5 Kc7 99. Kc5 Kd7 100. Rb7+ Ke6 101. Rb4 Ke5 102. Kc4 Kf5 103. Kc3 Ke5 104. Rb5+ Ke4 105. Rb4+ Kd5 106. Rb8 Kc5 107. Rc8+ Kd6 108. Rh8 Kc5 109. Rh6 Kd5 110. Rh5+ Kd6 111. Rb5 Kc7 112. Kd4 Kc6 113. Rb4 Kd6 114. Rb6+ Kc7 115. Kc5 Kd7 116. Kd5 Kc7 117. Rb4 Kd7 1/2-1/2

[Event "Titled Tuesday intern op 30th Jul Early"]
[Site "Chess.com INT"]
[Date "2024.07.30"]
[Round "1"]
[White "Ambrogi, Agustin Tomas"]
[Black "Chigaev, Maksim"]
[Result "1-0"]
[WhiteElo "2232"]
[BlackElo "2623"]
[PlyCount "117"]
[EventDate "2024.07.30"]
[EventType "swiss (blitz)"]
[EventRounds "11"]
[EventCountry "USA"]
[SourceTitle "EXT 2025"]
[Source "ChessBase"]
[SourceDate "2024.10.14"]
[SourceVersion "1"]
[SourceVersionDate "2024.10.14"]
[SourceQuality "1"]

1. e4 c5 2. Nc3 d6 3. f4 Nc6 4. Nf3 Nf6 5. Bc4 Nxe4 6. Bxf7+ Kxf7 7. Nxe4 Bf5 8. Ng3 Qd7 9. 0-0 g6 10. d4 cxd4 11. Nxd4 Nxd4 12. Qxd4 Bg7 13. Qf2 Rhc8 14. Nxf5 gxf5 15. c3 Bf6 16. Qf3 Rc4 17. Qh5+ Kg7 18. Rf3 Rg8 19. Be3 Kh8 20. Raf1 a6 21. Qf7 Rcc8 22. Rh3 Rg7 23. Qd5 Qc6 24. Rd1 Rcg8 25. g3 Qa4 26. a3 Qc2 27. Qd2 Qe4 28. Qd3 Qa4 29. Rd2 Qd7 30. Rh5 Rf7 31. Qxf5 Qxf5 32. Rxf5 Kg7 33. Rh5 Kg6 34. Rh3 h5 35. Kf2 Rh7 36. Kf3 Rc8 37. Bd4 e5 38. Be3 Kf5 39. Rxd6 Rhh8 40. fxe5 Bxe5 41. Rd5 Ke6 42. Rd3 Kf5 43. Bf4 Bxf4 44. gxf4 Rcf8 45. Rd5+ Ke6 46. Rdxh5 Rxh5 47. Rxh5 Rd8 48. Re5+ Kf6 49. Re2 Kf5 50. Re5+ Kf6 51. Ke3 Rh8 52. Kd4 Rh4 53. b4 Rxf4+ 54. Re4 Rf2 55. h4 b6 56. Kd5 Ra2 57. Kc6 Rxa3 58. Kxb6 Kf5 59. Re3 1-0

[Event "Titled Tuesday intern op 30th Jul Early"]
[Site "Chess.com INT"]
[Date "2024.07.30"]
[Round "6"]
[White "Bykov, Egor"]
[Black "Ambrogi, Agustin Tomas"]
[Result "1-0"]
[WhiteElo "2424"]
[BlackElo "2232"]
[PlyCount "85"]
[EventDate "2024.07.30"]
[EventType "swiss (blitz)"]
[EventRounds "11"]
[EventCountry "USA"]
[SourceTitle "EXT 2025"]
[Source "ChessBase"]
[SourceDate "2024.10.14"]
[SourceVersion "1"]
[SourceVersionDate "2024.10.14"]
[SourceQuality "1"]

1. e4 d5 2. exd5 Qxd5 3. Nc3 Qa5 4. d4 Nf6 5. Nf3 Nc6 6. Bb5 Nd5 7. Bd2 Nxc3 8. Bxc6+ bxc6 9. Bxc3 Qd5 10. h3 Ba6 11. Qd2 Qe4+ 12. Kd1 e6 13. Re1 Qg6 14. g4 Bd6 15. Kc1 Rd8 16. a4 Qf6 17. Ne5 0-0 18. Qe3 Bb7 19. b3 Qe7 20. Nc4 Ba6 21. Na5 Qd7 22. Kb2 Rb8 23. Qe4 Rb6 24. Rad1 Rfb8 25. f4 Bb7 26. f5 exf5 27. gxf5 c5 28. Nxb7 cxd4 29. Qxd4 Ba3+ 30. Kxa3 Qxd4 31. Bxd4 R6xb7 32. Rg1 g6 33. f6 Re8 34. Rge1 Re6 35. Bc5 Rb8 36. Be7 Re8 37. Rxe6 fxe6 38. Rd7 e5 39. Kb4 e4 40. Kc3 e3 41. Kd3 Kf7 42. Kxe3 Ke6 43. Rd8 1-0

[Event "Buenos Aires Masters op"]
[Site "Buenos Aires"]
[Date "2024.06.21"]
[Round "7"]
[White "Sanz, Luis"]
[Black "Ambrogi, Agustin Tomas"]
[Result "0-1"]
[WhiteElo "2084"]
[BlackElo "2190"]
[PlyCount "88"]
[EventDate "2024.06.17"]
[EventType "swiss"]
[EventRounds "9"]
[EventCountry "ARG"]
[SourceTitle "EXT 2025"]
[Source "ChessBase"]
[SourceDate "2024.10.14"]
[SourceVersion "1"]
[SourceVersionDate "2024.10.14"]
[SourceQuality "1"]

1. d4 d5 2. c4 dxc4 3. Nf3 Nf6 4. e3 e6 5. Bxc4 c5 6. 0-0 Nc6 7. Nc3 a6 8. dxc5 Qxd1 9. Rxd1 Bxc5 10. a3 b5 11. Bd3 Bb7 12. Ne4 Be7 13. Bd2 0-0 14. Rac1 Rfd8 15. Bc3 Nd5 16. Be1 Nb6 17. Be2 Rac8 18. Rxd8+ Nxd8 19. Rxc8 Nxc8 20. Bd3 Nb6 21. Nd4 Na4 22. Bb4 Bxb4 23. axb4 Bxe4 24. Bxe4 Nxb2 25. g4 h6 26. Kf1 Na4 27. Nc6 Nc3 28. Nxd8 Nxe4 29. Nc6 Nf6 30. f3 Nd5 31. Ke2 Kf8 32. Kd3 Ke8 33. Kd4 Kd7 34. Nb8+ Kd6 35. Nxa6 g6 36. Ke4 h5 37. gxh5 gxh5 38. Kd4 h4 39. e4 e5+ 40. Kd3 Nf4+ 41. Ke3 Ne6 42. Kd3 Kc6 43. Kc3 Ng5 44. Nb8+ Kd6 0-1

[Event "Buenos Aires Masters op"]
[Site "Buenos Aires"]
[Date "2024.06.20"]
[Round "5"]
[White "Habiaga, Raul Adrian"]
[Black "Ambrogi, Agustin Tomas"]
[Result "0-1"]
[WhiteElo "2017"]
[BlackElo "2190"]
[PlyCount "90"]
[EventDate "2024.06.17"]
[EventType "swiss"]
[EventRounds "9"]
[EventCountry "ARG"]
[SourceTitle "CBM 220 Extra"]
[Source "ChessBase"]
[SourceDate "2024.07.31"]
[SourceVersion "1"]
[SourceVersionDate "2024.07.31"]
[SourceQuality "1"]

1. e4 d5 2. exd5 Qxd5 3. d4 Nc6 4. Be3 e5 5. c4 Qa5+ 6. Bd2 Bb4 7. d5 Bxd2+ 8. Nxd2 Nd4 9. Bd3 Nf6 10. a3 c5 11. dxc6 Nxc6 12. Ngf3 Bg4 13. 0-0 0-0-0 14. Qc2 Kb8 15. b4 Qc7 16. Rfe1 Rhe8 17. c5 a6 18. Rab1 Qd7 19. Rb3 Bxf3 20. Nxf3 e4 21. Bxe4 Rxe4 22. Reb1 Nd4 23. Nxd4 Rxd4 24. h3 Rd1+ 25. Kh2 Rd2 26. Qc3 Qc7+ 27. Qg3 R8d3 28. Qxc7+ Kxc7 29. f3 Nd5 30. h4 h5 31. Kg3 f6 32. b5 Rxb3 33. Rxb3 axb5 34. Rxb5 g5 35. hxg5 fxg5 36. a4 Nf4 37. Kh2 h4 38. c6 Rxg2+ 39. Kh1 bxc6 40. Rf5 h3 41. Rf7+ Kd6 42. Rh7 Ra2 43. Rg7 Ne6 44. Rh7 Rxa4 45. Rxh3 Rh4 0-1

[Event "Titled Tuesday intern op 28th May Late"]
[Site "Chess.com INT"]
[Date "2024.05.28"]
[Round "9"]
[White "Janaszak, Dawid"]
[Black "Ambrogi, Agustin Tomas"]
[Result "0-1"]
[WhiteElo "2308"]
[BlackElo "2190"]
[PlyCount "32"]
[EventDate "2024.05.28"]
[EventType "swiss (blitz)"]
[EventRounds "11"]
[EventCountry "USA"]
[SourceTitle "EXT 2025"]
[Source "ChessBase"]
[SourceDate "2024.10.14"]
[SourceVersion "1"]
[SourceVersionDate "2024.10.14"]
[SourceQuality "1"]

1. e4 d5 2. Nc3 dxe4 3. Nxe4 Qd5 4. Qf3 Nc6 5. c3 Ne5 6. Qe2 Bf5 7. f3 0-0-0 8. d4 Nc6 9. Qb5 Bxe4 10. fxe4 Qxe4+ 11. Be2 Qxg2 12. Bf3 Qg6 13. Ne2 e5 14. dxe5 Nge7 15. Rg1 Qd3 16. Rg3 Qxb5 0-1